Bhagam Bhag (Record no. 15531)
[ view plain ]
| 000 -LEADER | |
|---|---|
| fixed length control field | 02994nam a22004697a 4500 |
| 003 - CONTROL NUMBER IDENTIFIER | |
| control field | dpl |
| 005 - DATE AND TIME OF LATEST TRANSACTION | |
| control field | 20080922105452.0 |
| 007 - PHYSICAL DESCRIPTION FIXED FIELD--GENERAL INFORMATION | |
| fixed length control field | DVD |
| 008 - FIXED-LENGTH DATA ELEMENTS--GENERAL INFORMATION | |
| fixed length control field | 080922t xxu||||| |||| 00| 0 eng d |
| 010 ## - LIBRARY OF CONGRESS CONTROL NUMBER | |
| LC control number | DVD-000660-662 & DVD-004405-4410 |
| 024 ## - OTHER STANDARD IDENTIFIER | |
| Standard number or code | TSDVD-1805 |
| Terms of availability | 49.00 |
| 035 ## - SYSTEM CONTROL NUMBER | |
| System control number | DVD-000660-662 |
| 035 ## - SYSTEM CONTROL NUMBER | |
| System control number | DVD-004405-4410 |
| 040 ## - CATALOGING SOURCE | |
| Original cataloging agency | DPL |
| Transcribing agency | DPL |
| 082 ## - DEWEY DECIMAL CLASSIFICATION NUMBER | |
| Classification number | DVD / BHAG |
| 245 ## - TITLE STATEMENT | |
| Title | Bhagam Bhag |
| Statement of responsibility, etc | Shree Ashtavinayak Cine Vision, Popcorn Motion Pictures |
| Medium | [videoreocrding] DVD/ |
| 260 ## - PUBLICATION, DISTRIBUTION, ETC. (IMPRINT) | |
| Place of publication, distribution, etc | New Delhi |
| Name of publisher, distributor, etc | Super Cassettes Industries Ltd. |
| 300 ## - PHYSICAL DESCRIPTION | |
| Extent | 1 Videodisc DVD ; |
| Other physical details | sd., col.; |
| Dimensions | 4 3/4 in. |
| Type of unit | DVD |
| 440 ## - SERIES STATEMENT/ADDED ENTRY--TITLE | |
| Title | T-Series |
| 538 ## - SYSTEM DETAILS NOTE | |
| System details note | Dolby Digital 5.1, Language Hindi, Subtitles English, Tamil & Telugu |
| 538 ## - SYSTEM DETAILS NOTE | |
| System details note | Aspect Ratio 1.85:1, Presentation type Wide Screne |
| 650 ## - SUBJECT ADDED ENTRY--TOPICAL TERM | |
| Topical term or geographic name as entry element | Motion picture |
| 700 ## - ADDED ENTRY--PERSONAL NAME | |
| Personal name | Govinda |
| 700 ## - ADDED ENTRY--PERSONAL NAME | |
| Personal name | Akshay Kumar |
| 700 ## - ADDED ENTRY--PERSONAL NAME | |
| Personal name | Yadav, Rajpal |
| 700 ## - ADDED ENTRY--PERSONAL NAME | |
| Personal name | Dutta, Lara |
| 700 ## - ADDED ENTRY--PERSONAL NAME | |
| Personal name | Pritam |
| 700 ## - ADDED ENTRY--PERSONAL NAME | |
| Personal name | Sameer |
| 700 ## - ADDED ENTRY--PERSONAL NAME | |
| Personal name | Vora, Neeraj |
| 942 ## - ADDED ENTRY ELEMENTS (KOHA) | |
| Source of classification or shelving scheme | Dewey Decimal Classification |
| Koha item type | CD-ROMs, DVDs, VHS |
| Classification part | DVD |
| Call number suffix | BHAG |
| Withdrawn status | Lost status | Source of classification or shelving scheme | Damaged status | Not for loan | Home library | Current library | Date acquired | Source of acquisition | Cost, normal purchase price | Total Checkouts | Full call number | Barcode | Date last seen | Date checked out | Copy number | Cost, replacement price | Price effective from | Koha item type | Total Renewals |
|---|---|---|---|---|---|---|---|---|---|---|---|---|---|---|---|---|---|---|---|
| Dewey Decimal Classification | Central Library | Central Library | 22/09/2008 | Purchase | 49.00 | 28 | DVD BHAG | DVD-000660 | 13/06/2014 | 07/06/2014 | 1 | 49.00 | 22/09/2008 | CD-ROMs, DVDs, VHS | |||||
| Dewey Decimal Classification | Janak Puri | Janak Puri | 12/11/2009 | Pioneers/885/29-10-09/325/13-10-09 /06-11-09 | 49.00 | 5 | DVD BHAG | DVD-004405 | 15/12/2011 | 02/12/2011 | 1 | 45.00 | 12/11/2009 | CD-ROMs, DVDs, VHS | |||||
| Dewey Decimal Classification | Karol Bagh | Karol Bagh | 12/11/2009 | Pioneers/885/29-10-09/325/13-10-09 /06-11-09 | 49.00 | 10 | DVD BHAG | DVD-004408 | 01/05/2013 | 29/04/2013 | 1 | 45.00 | 12/11/2009 | CD-ROMs, DVDs, VHS | |||||
| Dewey Decimal Classification | Narela | Narela | 12/11/2009 | Pioneers/885/29-10-09/325/13-10-09 /06-11-09 | 49.00 | 9 | DVD BHAG | DVD-004409 | 25/04/2013 | 12/04/2013 | 1 | 45.00 | 12/11/2009 | CD-ROMs, DVDs, VHS | 1 | ||||
| Dewey Decimal Classification | Patel Nagar | Patel Nagar | 22/09/2008 | Purchase | 49.00 | 13 | DVD BHAG | DVD-000662 | 06/07/2011 | 29/07/2010 | 1 | 49.00 | 22/09/2008 | CD-ROMs, DVDs, VHS | |||||
| Dewey Decimal Classification | R.K.Puram-8 | R.K.Puram-8 | 12/11/2009 | Pioneers/885/29-10-09/325/13-10-09 /06-11-09 | 49.00 | 2 | DVD BHAG | DVD-004406 | 22/12/2012 | 20/12/2012 | 1 | 45.00 | 12/11/2009 | CD-ROMs, DVDs, VHS | |||||
| Dewey Decimal Classification | Sarojini Nagar | Sarojini Nagar | 22/09/2008 | Purchase | 49.00 | 14 | DVD BHAG | DVD-000661 | 09/11/2013 | 02/11/2013 | 1 | 49.00 | 22/09/2008 | CD-ROMs, DVDs, VHS | 1 | ||||
| Dewey Decimal Classification | Shahdara Branch | Shahdara Branch | 12/11/2009 | Pioneers/885/29-10-09/325/13-10-09 /06-11-09 | 49.00 | DVD BHAG | DVD-004410 | 12/11/2009 | 1 | 45.00 | 12/11/2009 | CD-ROMs, DVDs, VHS | |||||||
| Dewey Decimal Classification | Vinoba Puri | Vinoba Puri | 12/11/2009 | Pioneers/885/29-10-09/325/13-10-09 /06-11-09 | 49.00 | 5 | DVD BHAG | DVD-004407 | 16/04/2014 | 31/03/2014 | 1 | 45.00 | 12/11/2009 | CD-ROMs, DVDs, VHS |
